000 01312cam a2200325 i 4500
001 deadfallnovel00macl
003 CaSfIA
005 20210118001223.0
007 cr||||
008 780727s1979 nyu 000 1 eng
010 _a 78013770
040 _aDLC
_cDLC
_dBTCTA
_dCUY
_dVVW
_dCaSfIA
020 _a0525105859 :
_c$9.95
020 _a9780525105855
035 _a(OCoLC)4193787
050 0 0 _aPZ4.M16333
_bDe 1979
_aPS3563.A317983
082 _a813/.5/4
100 1 _aMacLean, Jane.
245 1 0 _aDeadfall :
_h[electronic resource]
_ba novel /
_cby Jane MacLean.
250 _a1st ed.
260 _aNew York :
_bDutton,
_cc1979.
300 _a243 p. ;
_c22 cm.
500 _a"Thomas Congdon books."
856 4 1 _uhttp://www.archive.org/details/deadfallnovel00macl
_zFree eBook from the Internet Archive
856 4 2 _uhttp://www.openlibrary.org/books/OL7769575M
_zAdditional information and access via Open Library
029 1 _aAU@
_b000001240861
942 _cEB
506 _fНеобхідна авторизація на https://archive.org/ (створення облікового запису безкоштовно)
506 _fНеобхідна авторизація на https://openlibrary.org/ (створення облікового запису безкоштовно)
999 _c486959
_d486959